000 00536nam a2200193Ia 4500
005 20250326123700.0
008 250326s9999 xx 000 0 und d
037 _aTextbook
040 _aFMSL
_beng
_cFMSL
041 _aeng
_2eng
084 _aX8(A):89Q M0
_qFMSL
100 _aWoodward J
_9735793
245 0 _aIndustrial organization: Theory and practice
_cWoodward J
250 _a2
260 _aOxford
_bOxford, Oxford UNiv.
_c1980
300 _a257p
942 _cTB
_hX8(A):89Q M0
999 _c1270481
_d1270481